[Event "94th FRA-ch Women 2019"]
[Site "Chartres"]
[Date "2019.08.25"]
[Round "9.4"]
[White "Richard, Emma"]
[Black "Navrotescu, Andreea-Cristiana"]
[Result "0-1"]
[WhiteElo "2104"]
[BlackElo "2210"]
[Annotator "ChessBase"]
[PlyCount "98"]
[EventDate "2019.08.17"]
[EventType "tourn"]
[EventCountry "FRA"]
[SourceTitle "playchess.com"]
[Source "ChessBase"]
[SourceQuality "1"]
[TimeControl "40/5400+30:1800+30"]

1. e4 {[%emt 0:00:00]} c5 {[%emt 0:00:00]} 2. Nf3 {[%emt 0:00:00]} e6 {[%emt 0:00:00]} 3. Nc3 {[%emt 0:00:00]} Nc6 {[%emt 0:00:33]} 4. d4 {[%emt 0:03:14]} cxd4 {[%emt 0:00:06]} 5. Nxd4 {[%emt 0:00:03]} Qc7 {[%emt 0:00:06]} 6. Qd3 {[%emt 0:01:15]} Nxd4 {[%emt 0:04:02]} 7. Qxd4 {[%emt 0:00:19]} a6 {[%emt 0:01:32]} 8. Be2 {[%emt 0:01:56]} Ne7 {[%emt 0:03:57]} 9. Qd3 {[%emt 1:27:43]} Ng6 {[%emt 0:05:20]} 10. O-O {[%emt 0:00:00]} Bd6 {[%emt 0:06:26]} 11. g3 {[%emt 0:00:00]} b5 {[%emt 0:19:22]} 12. f4 {[%emt 0:00:00]} Bc5+ {[%emt 0:03:20]} 13. Be3 {[%emt 0:00:00]} O-O {[%emt 0:05:39]} 14. Bf3 {[%emt 0:00:00]} Bb7 {[%emt 0:02:04]} 15. Bxc5 {[%emt 0:00:00]} Qxc5+ {[%emt 0:00:53]} 16. Rf2 {[%emt 0:00:00]} d6 {[%emt 0:04:22]} 17. Ne2 {[%emt 0:00:00]} Rfd8 {[%emt 0:01:13]} 18. c3 {[%emt 0:00:00]} e5 {[%emt 0:05:53]} 19. h4 {[%emt 0:00:00]} exf4 {[%emt 0:01:53]} 20. gxf4 {[%emt 0:00:00]} Nxh4 {[%emt 0:00:40]} 21. Bh1 {[%emt 0:00:00]} Ng6 {[%emt 0:02:28]} 22. Nd4 {[%emt 0:00:00]} Nxf4 {[%emt 0:09:00]} 23. Qf3 {[%emt 0:00:00]} g5 {[%emt 0:02:10]} 24. Qg4 {[%emt 0:00:00]} Bc8 {[%emt 0:02:47]} 25. Nf5 {[%emt 0:00:00]} f6 {[%emt 0:02:34]} 26. Rd1 {[%emt 0:00:00]} Ra7 {[%emt 0:01:53]} 27. Rd4 {[%emt 0:00:00]} Bxf5 {[%emt 0:01:46]} 28. exf5 {[%emt 0:00:00]} Kh8 {[%emt 0:00:29]} 29. Kf1 {[%emt 0:00:00]} Re7 {[%emt 0:00:17]} 30. Rfd2 {[%emt 0:00:00]} Rde8 {[%emt 0:00:20]} 31. Rd1 {[%emt 0:00:50]} Re2 {[%emt 0:03:12]} 32. Qf3 {[%emt 0:02:00]} Qxf5 {[%emt 0:03:46]} 33. Rd5 {[%emt 0:03:48]} Nxd5 {[%emt 0:05:03]} 34. Qxf5 {[%emt 0:00:08]} Ne3+ {[%emt 0:00:04]} 35. Kxe2 {[%emt 0:00:02]} Nxf5+ {[%emt 0:00:05]} 36. Kf2 {[%emt 0:00:57]} h5 {[%emt 0:00:46]} 37. b4 {[%emt 0:01:00]} g4 {[%emt 0:00:26]} 38. Bb7 {[%emt 0:02:14]} Kg7 {[%emt 0:01:24]} 39. Bxa6 {[%emt 0:03:21]} Ra8 {[%emt 0:00:01]} 40. Bxb5 {[%emt 0:00:06]} Rxa2+ {[%emt 0:00:03]} 41. Kg1 {[%emt 0:30:27]} h4 {[%emt 0:30:42]} 42. Bd7 {[%emt 0:00:00]} Kg6 {[%emt 0:00:00]} 43. b5 {[%emt 0:00:00]} Rb2 {[%emt 0:00:00]} 44. Rf1 {[%emt 0:00:00]} Ng3 {[%emt 0:00:00]} 45. Rf2 {[%emt 0:00:28]} Rb1+ {[%emt 0:00:00]} 46. Kg2 {[%emt 0:00:12]} Kg5 {[%emt 0:00:00]} 47. Rd2 {[%emt 0:02:36]} f5 {[%emt 0:00:00]} 48. Rd5 {[%emt 0:00:42]} Rb2+ {[%emt 0:00:00]} 49. Kg1 {[%emt 0:00:02]} h3 {[%emt 0:07:53]} 0-1

[Event "94th FRA-ch Women 2019"]
[Site "Chartres"]
[Date "2019.08.25"]
[Round "9.5"]
[White "Broly, Mathilde"]
[Black "Safranska, Anda"]
[Result "0-1"]
[WhiteElo "2177"]
[BlackElo "2128"]
[Annotator "NA"]
[PlyCount "128"]
[EventDate "2019.08.17"]
[EventType "tourn"]
[EventCountry "FRA"]
[SourceTitle "playchess.com"]
[Source "ChessBase"]
[SourceQuality "1"]
[TimeControl "40/5400+30:1800+30"]

1. c4 {[%emt 0:00:00]} g6 {[%emt 0:00:00]} 2. g3 {[%emt 0:02:03]} Bg7 {[%emt 0:00:00]} 3. Bg2 {[%emt 0:00:28]} Nf6 {[%emt 0:00:00]} 4. Nc3 {[%emt 0:06:24]} d6 {[%emt 0:00:00]} 5. Nf3 {[%emt 0:01:30]} O-O {[%emt 0:00:03]} 6. O-O {[%emt 0:05:24]} Nc6 {[%emt 0:00:11]} 7. d4 {[%emt 0:09:29]} Rb8 {[%emt 0:00:10]} 8. a3 {[%emt 0:09:38]} a6 {[%emt 0:01:16]} 9. Qd3 {[%emt 0:07:44]} Bf5 {[%emt 0:22:49]} 10. e4 {[%emt 0:06:02]} Bg4 {[%emt 0:00:23]} 11. Be3 {[%emt 0:00:42]} Re8 {[%emt 0:08:24]} 12. Ne1 {[%emt 0:09:33]} e5 {[%emt 0:01:41]} 13. d5 {[%emt 0:00:09]} Nd4 {[%emt 0:00:04]} 14. f3 {[%emt 0:02:33]} Bd7 {[%emt 0:01:20]} 15. b4 {[%emt 0:07:25]} c5 {[%emt 0:01:14]} 16. bxc5 {[%emt 0:03:27]} dxc5 {[%emt 0:00:07]} 17. a4 {[%emt 0:00:08]} b6 {[%emt 0:01:39]} 18. Ne2 {[%emt 0:05:16]} Qc7 {[%emt 0:02:09]} 19. Rf2 {[%emt 0:07:46]} Rec8 {[%emt 0:01:28]} 20. Nc3 {[%emt 0:02:40]} Ne8 {[%emt 0:01:58]} 21. f4 {[%emt 0:00:53]} Nd6 {[%emt 0:02:19]} 22. fxe5 {[%emt 0:01:22]} Bxe5 {[%emt 0:00:10]} 23. Bf4 {[%emt 0:00:28]} Re8 {[%emt 0:01:49]} 24. Bxe5 {[%emt 0:02:15]} Rxe5 {[%emt 0:00:07]} 25. Nf3 {[%emt 0:00:14]} Nxf3+ {[%emt 0:00:10]} 26. Bxf3 {[%emt 0:01:41]} Qd8 {[%emt 0:00:45]} 27. Bg2 {[%emt 0:01:58]} Qe7 {[%emt 0:04:03]} 28. Re1 {[%emt 0:02:00]} Re8 {[%emt 0:02:37]} 29. Rb1 {[%emt 0:01:12]} f5 {[%emt 0:12:43]} 30. Rxb6 {[%emt 0:00:31]} fxe4 {[%emt 0:00:05]} 31. Qe2 {[%emt 0:00:23]} e3 {[%emt 0:00:21]} 32. Rf1 {[%emt 0:01:20]} Nf5 {[%emt 0:01:49]} 33. d6 {[%emt 0:00:14]} Qd8 {[%emt 0:00:21]} 34. Nd5 {[%emt 0:00:27]} Nd4 {[%emt 0:01:32]} 35. Qb2 {[%emt 0:00:14]} e2 {[%emt 0:00:48]} 36. Re1 {[%emt 0:00:04]} Qg5 {[%emt 0:07:53]} 37. Rb7 {[%emt 0:01:38]} Bg4 {[%emt 0:17:36]} 38. d7 {[%emt 0:01:24]} Rf8 {[%emt 0:02:39]} 39. Qc3 {[%emt 0:00:47]} Qd8 {[%emt 0:03:19]} 40. Rc7 {[%emt 0:01:28]} Bxd7 {[%emt 0:01:00]} 41. Rxc5 {[%emt 0:03:10]} Rf1+ {[%emt 0:19:55]} 42. Rxf1 {[%emt 0:03:40]} exf1=Q+ {[%emt 0:14:03]} 43. Bxf1 {[%emt 0:00:26]} Re4 {[%emt 0:00:00]} 44. Nf4 {[%emt 0:11:34]} Qf6 {[%emt 0:00:00]} 45. Nd5 {[%emt 0:02:43]} Qf8 {[%emt 0:00:00]} 46. Qb4 {[%emt 0:03:02]} Re1 {[%emt 0:00:00]} 47. Nf4 {[%emt 0:01:42]} Bh3 {[%emt 0:00:06]} 48. Qxe1 {[%emt 0:01:41]} Nf3+ {[%emt 0:00:03]} 49. Kf2 {[%emt 0:00:53]} Nxe1 {[%emt 0:00:04]} 50. Ra5 {[%emt 0:00:40]} Bxf1 {[%emt 0:00:15]} 51. Kxf1 {[%emt 0:00:33]} Nd3 {[%emt 0:00:06]} 52. Ke2 {[%emt 0:00:32]} Nxf4+ {[%emt 0:00:06]} 53. gxf4 {[%emt 0:00:05]} Qxf4 {[%emt 0:00:03]} 54. Kd3 {[%emt 0:00:40]} Qd6+ {[%emt 0:00:38]} 55. Rd5 {[%emt 0:00:53]} Qa3+ {[%emt 0:00:15]} 56. Kd4 {[%emt 0:00:24]} Qxa4 {[%emt 0:00:06]} 57. Rd6 {[%emt 0:00:26]} Kf7 {[%emt 0:00:15]} 58. Kd5 {[%emt 0:00:07]} Ke7 {[%emt 0:00:54]} 59. c5 {[%emt 0:00:11]} Qb3+ {[%emt 0:00:09]} 60. Kc6 {[%emt 0:00:37]} Qb5+ {[%emt 0:00:05]} 61. Kd5 {[%emt 0:00:05]} a5 {[%emt 0:00:41]} 62. Re6+ {[%emt 0:00:47]} Kd7 {[%emt 0:00:18]} 63. Rb6 {[%emt 0:01:21]} Qd3+ {[%emt 0:01:25]} 64. Ke5 {[%emt 0:00:06]} a4 {[%emt 0:00:06]} 0-1

[Event "94th FRA-ch Women 2019"]
[Site "Chartres"]
[Date "2019.08.25"]
[Round "10.1"]
[White "Milliet, Sophie"]
[Black "Guichard, Pauline"]
[Result "0-1"]
[WhiteElo "2397"]
[BlackElo "2405"]
[Annotator "NA"]
[PlyCount "130"]
[EventDate "2019.08.17"]
[EventType "tourn"]
[EventCountry "FRA"]
[SourceTitle "playchess.com"]
[Source "ChessBase"]
[SourceQuality "1"]
[TimeControl "600+5"]

1. e4 {[%emt 0:00:00]} e5 {[%emt 0:00:00]} 2. Nf3 {[%emt 0:00:00]} Nc6 {[%emt 0:00:00]} 3. Bb5 {[%emt 0:00:00]} Nf6 {[%emt 0:00:04]} 4. O-O {[%emt 0:00:02]} Nxe4 {[%emt 0:00:04]} 5. Re1 {[%emt 0:00:02]} Nd6 {[%emt 0:00:02]} 6. Nxe5 {[%emt 0:00:02]} Be7 {[%emt 0:00:04]} 7. Bf1 {[%emt 0:00:02]} O-O {[%emt 0:00:21]} 8. d4 {[%emt 0:00:56]} Nxe5 {[%emt 0:00:24]} 9. Rxe5 {[%emt 0:01:47]} Bf6 {[%emt 0:00:40]} 10. Re1 {[%emt 0:00:01]} Re8 {[%emt 0:00:03]} 11. Bf4 {[%emt 0:00:09]} Rxe1 12. Qxe1 {[%emt 0:00:01]} Ne8 {[%emt 0:02:14]} 13. Nc3 {[%emt 0:00:11]} d6 {[%emt 0:01:58]} 14. Nd5 {[%emt 0:01:07]} Be6 {[%emt 0:01:17]} 15. Nxf6+ {[%emt 0:00:05]} Qxf6 {[%emt 0:00:05]} 16. Qd2 {[%emt 0:00:22]} Qg6 {[%emt 0:00:51]} 17. d5 {[%emt 0:00:20]} Bf5 {[%emt 0:00:08]} 18. c4 {[%emt 0:00:07]} Nf6 {[%emt 0:00:01]} 19. f3 {[%emt 0:00:43]} h6 {[%emt 0:00:29]} 20. Re1 {[%emt 0:00:06]} Re8 {[%emt 0:00:08]} 21. Rxe8+ {[%emt 0:00:15]} Nxe8 {[%emt 0:00:02]} 22. Qb4 {[%emt 0:00:02]} Bd3 {[%emt 0:00:13]} 23. Qxb7 {[%emt 0:01:17]} Bxf1 {[%emt 0:00:05]} 24. Kxf1 {[%emt 0:00:01]} Qd3+ {[%emt 0:00:22]} 25. Kf2 {[%emt 0:00:01]} Qxc4 {[%emt 0:01:02]} 26. Be3 {[%emt 0:02:11]} Qc2+ {[%emt 0:00:01]} 27. Kf1 {[%emt 0:00:15]} Qd1+ {[%emt 0:00:27]} 28. Kf2 {[%emt 0:00:01]} Qc2+ {[%emt 0:00:04]} 29. Kf1 {[%emt 0:00:01]} Nf6 {[%emt 0:00:11]} 30. Qxa7 {[%emt 0:00:23]} Qb1+ {[%emt 0:00:12]} 31. Ke2 {[%emt 0:01:08]} Qxb2+ {[%emt 0:00:02]} 32. Bd2 {[%emt 0:00:01]} Qe5+ {[%emt 0:00:35]} 33. Kd1 {[%emt 0:00:27]} Nxd5 {[%emt 0:00:12]} 34. a4 {[%emt 0:00:04]} c5 {[%emt 0:00:08]} 35. a5 {[%emt 0:00:38]} c4 {[%emt 0:00:07]} 36. a6 {[%emt 0:00:05]} c3 {[%emt 0:00:06]} 37. Qb8+ {[%emt 0:00:02]} Kh7 {[%emt 0:00:05]} 38. a7 {[%emt 0:00:05]} Qd4 {[%emt 0:00:12]} 39. Qb1+ {[%emt 0:00:05]} g6 {[%emt 0:00:01]} 40. Qa2 {[%emt 0:00:09]} Qg1+ {[%emt 0:00:07]} 41. Be1 {[%emt 0:00:03]} c2+ {[%emt 0:00:08]} 42. Kxc2 {[%emt 0:00:13]} Qxg2+ {[%emt 0:00:02]} 43. Kb3 {[%emt 0:00:00]} Qxf3+ {[%emt 0:00:05]} 44. Kc4 {[%emt 0:00:00]} Nb6+ {[%emt 0:00:03]} 45. Kb5 {[%emt 0:00:01]} Na8 {[%emt 0:00:07]} 46. Bg3 {[%emt 0:00:10]} Qb7+ {[%emt 0:00:11]} 47. Kc4 {[%emt 0:00:02]} d5+ {[%emt 0:00:04]} 48. Kd4 {[%emt 0:00:03]} Nb6 {[%emt 0:00:01]} 49. Be5 {[%emt 0:00:11]} Qc6 {[%emt 0:00:07]} 50. Bb8 {[%emt 0:00:06]} h5 {[%emt 0:00:07]} 51. Qf2 {[%emt 0:00:03]} Kg8 {[%emt 0:00:07]} 52. Qf4 {[%emt 0:00:07]} Qc4+ {[%emt 0:00:04]} 53. Ke5 {[%emt 0:00:02]} Nd7+ {[%emt 0:00:02]} 54. Kd6 {[%emt 0:00:03]} Qxf4+ {[%emt 0:00:03]} 55. Kxd7 {[%emt 0:00:00]} Qa4+ {[%emt 0:00:06]} 56. Kc7 {[%emt 0:00:01]} d4 {[%emt 0:00:03]} 57. Kb7 {[%emt 0:00:01]} d3 {[%emt 0:00:02]} 58. Bf4 {[%emt 0:00:02]} Qxf4 {[%emt 0:00:03]} 59. a8=Q+ {[%emt 0:00:01]} Kh7 {[%emt 0:00:02]} 60. Qa2 {[%emt 0:00:03]} d2 {[%emt 0:00:07]} 61. Qd5 {[%emt 0:00:06]} Kg7 {[%emt 0:00:05]} 62. Qb3 {[%emt 0:00:31]} Qd4 {[%emt 0:00:10]} 63. Qd1 {[%emt 0:00:03]} Qb4+ {[%emt 0:00:09]} 64. Kc6 {[%emt 0:00:02]} Qc3+ {[%emt 0:00:01]} 65. Kd5 {[%emt 0:00:07]} Qc1 {[%emt 0:00:01]} 0-1

[Event "94th FRA-ch Women 2019"]
[Site "Chartres"]
[Date "2019.08.25"]
[Round "11.1"]
[White "Guichard, Pauline"]
[Black "Milliet, Sophie"]
[Result "1/2-1/2"]
[WhiteElo "2405"]
[BlackElo "2397"]
[Annotator "NA"]
[PlyCount "75"]
[EventDate "2019.08.17"]
[EventType "tourn"]
[EventCountry "FRA"]
[SourceTitle "playchess.com"]
[Source "ChessBase"]
[SourceQuality "1"]
[TimeControl "600+5"]

1. c4 {[%emt 0:00:00]} g6 {[%emt 0:00:00]} 2. g3 {[%emt 0:00:00]} Bg7 {[%emt 0:00:00]} 3. Bg2 {[%emt 0:00:01]} c5 {[%emt 0:00:08]} 4. Nc3 {[%emt 0:00:07]} Nc6 {[%emt 0:00:06]} 5. a3 {[%emt 0:00:10]} a5 {[%emt 0:00:53]} 6. Nf3 {[%emt 0:00:27]} d6 {[%emt 0:00:01]} 7. d3 {[%emt 0:00:15]} e5 {[%emt 0:00:00]} 8. Bd2 {[%emt 0:00:48]} Nge7 {[%emt 0:00:05]} 9. O-O {[%emt 0:00:06]} O-O {[%emt 0:00:01]} 10. Ne1 {[%emt 0:00:14]} Be6 {[%emt 0:00:05]} 11. Nc2 {[%emt 0:00:28]} d5 {[%emt 0:00:01]} 12. cxd5 {[%emt 0:00:01]} Nxd5 {[%emt 0:00:01]} 13. Ne3 {[%emt 0:00:02]} Nde7 {[%emt 0:01:17]} 14. Rc1 {[%emt 0:01:30]} Nd4 {[%emt 0:00:27]} 15. Nc4 {[%emt 0:01:39]} b5 {[%emt 0:00:04]} 16. Bxa8 {[%emt 0:01:04]} Qxa8 {[%emt 0:00:37]} 17. Ne3 {[%emt 0:00:14]} Bh3 {[%emt 0:01:23]} 18. f3 {[%emt 0:00:01]} Bxf1 {[%emt 0:06:21]} 19. Nxf1 {[%emt 0:00:35]} f5 {[%emt 0:00:00]} 20. a4 {[%emt 0:00:21]} b4 {[%emt 0:00:00]} 21. Nb5 {[%emt 0:00:01]} e4 {[%emt 0:00:00]} 22. Nxd4 {[%emt 0:01:34]} cxd4 {[%emt 0:00:00]} 23. Bg5 {[%emt 0:00:17]} Nd5 {[%emt 0:00:00]} 24. dxe4 {[%emt 0:00:43]} fxe4 {[%emt 0:00:00]} 25. fxe4 {[%emt 0:01:27]} Nf6 26. Bxf6 {[%emt 0:00:00]} Bxf6 {[%emt 0:00:00]} 27. Qd3 {[%emt 0:00:02]} Qa7 {[%emt 0:00:00]} 28. Nd2 {[%emt 0:00:07]} Bg5 {[%emt 0:00:50]} 29. Rf1 {[%emt 0:00:02]} Be3+ {[%emt 0:00:00]} 30. Kg2 {[%emt 0:00:01]} Bxd2 {[%emt 0:00:00]} 31. Rxf8+ Kxf8 {[%emt 0:00:00]} 32. Qxd2 {[%emt 0:00:07]} Qd7 {[%emt 0:00:00]} 33. Qf4+ {[%emt 0:00:05]} Kg8 {[%emt 0:00:00]} 34. Qb8+ {[%emt 0:00:02]} Kg7 {[%emt 0:00:02]} 35. Qe5+ {[%emt 0:00:02]} Kg8 {[%emt 0:00:19]} 36. Qb8+ {[%emt 0:00:01]} Kg7 {[%emt 0:00:05]} 37. Qe5+ {[%emt 0:00:02]} Kg8 {[%emt 0:00:09]} 38. Qd5+ 1/2-1/2